| 000 | 00622nam a2200145Ia 4500 | ||
|---|---|---|---|
| 008 | 100122s9999 xx 000 0 und d | ||
| 082 |
_b47091 _a820.9 |
||
| 100 | _aगावडे प्र ल | ||
| 245 | _aसावकार: एक चिकिस्तक अभ्यास ( क.क्र.26/4 ) | ||
| 260 |
_bउत्कर्ष प्रकाशन _c1992 |
||
| 300 | _a200 | ||
| 630 | _aसावकार: एक चिकिस्तक अभ्यास ( क.क्र.26/4 ) | ||
| 730 | _aसावकार: एक चिकिस्तक अभ्यास ( क.क्र.26/4 ) | ||
| 942 | _cBOOK | ||
| 999 |
_c426034 _d426031 |
||